[Event "GER-ch Net Amateur Gr-B Vor1"]
[Site "Playchess.com INT"]
[Date "2020.04.14"]
[Round "4"]
[White "Ebner, Bruno"]
[Black "Harlander, Tilman"]
[Result "1-0"]
[WhiteElo "1597"]
[BlackElo "1411"]
[PlyCount "99"]
[EventDate "2020.04.14"]
[EventType "swiss (blitz)"]
[EventRounds "9"]
[EventCountry "GER"]
[SourceTitle "EXT 2021"]
[Source "ChessBase"]
[SourceDate "2020.10.23"]
[SourceVersion "1"]
[SourceVersionDate "2020.10.23"]
[SourceQuality "1"]

1. d4 d5 2. c4 c6 3. Nc3 e6 4. cxd5 exd5 5. Bf4 f5 6. Nf3 Nf6 7. e3 Be7 8. Bd3 0-0 9. Qc2 Ne4 10. Ne5 Be6 11. 0-0 Nd7 12. f3 Nxc3 13. bxc3 Nxe5 14. Bxe5 Bd6 15. f4 Rc8 16. Rab1 b6 17. Ba6 Rc7 18. a4 Bxe5 19. fxe5 c5 20. Qd2 Qg5 21. Rf4 Qe7 22. Rbf1 g5 23. R4f2 c4 24. g4 f4 25. exf4 Bxg4 26. f5 Qg7 27. Qe3 Rcf7 28. f6 Qh6 29. Rg2 Be6 30. Qxg5+ Qxg5 31. Rxg5+ Kh8 32. Rf3 Rg8 33. Rfg3 Rxg5 34. Rxg5 h6 35. Rg3 Rf8 36. Kf2 Rg8 37. Bb7 Rxg3 38. hxg3 Kg8 39. Ke3 Kf7 40. Kf4 a5 41. Bc6 Kf8 42. g4 Kf7 43. Bb7 Kg6 44. Bc6 Kf7 45. Kg3 Kg6 46. Be8+ Kh7 47. Kh4 Bg8 48. f7 Bxf7 49. Bxf7 Kg7 50. Bxd5 1-0

[Event "GER-ch Net Amateur Gr-B Vor1"]
[Site "Playchess.com INT"]
[Date "2020.04.14"]
[Round "3"]
[White "Harlander, Tilman"]
[Black "Hoke, Adrian Neo"]
[Result "0-1"]
[WhiteElo "1434"]
[BlackElo "1734"]
[PlyCount "100"]
[EventDate "2020.04.14"]
[EventType "swiss (blitz)"]
[EventRounds "9"]
[EventCountry "GER"]
[SourceTitle "EXT 2021"]
[Source "ChessBase"]
[SourceDate "2020.10.23"]
[SourceVersion "1"]
[SourceVersionDate "2020.10.23"]
[SourceQuality "1"]

1. d4 d5 2. Bf4 Nf6 3. e3 e6 4. Nf3 c5 5. c3 Bd6 6. Bg3 0-0 7. Nbd2 Nc6 8. Bd3 b6 9. Qc2 Qc7 10. Bxd6 Qxd6 11. 0-0 Bb7 12. e4 c4 13. Be2 Qe7 14. e5 Nd7 15. b3 cxb3 16. axb3 f6 17. exf6 Rxf6 18. Rae1 e5 19. dxe5 Ndxe5 20. Nxe5 Qxe5 21. Bf3 Qg5 22. Re3 Ne5 23. Kh1 Nxf3 24. Nxf3 Qg4 25. Qe2 Raf8 26. Nd4 Qxe2 27. Rxe2 Ba6 28. c4 dxc4 29. Ra2 b5 30. bxc4 bxc4 31. Rc1 Rxf2 32. Rxf2 Rxf2 33. Kg1 Ra2 34. Ne6 Bb5 35. Rf1 h6 36. Nd4 a6 37. Rb1 Kf7 38. h3 Ke7 39. Kh2 Kd6 40. Kg3 Kc5 41. Ne6+ Kd5 42. Nxg7 c3 43. Nf5 c2 44. Ne3+ Kd4 45. Nxc2+ Rxc2 46. Ra1 Rc8 47. Kh4 Rb8 48. g4 Ra8 49. Kh5 Rh8 50. h4 Be8# 0-1

[Event "GER-ch Net Amateur Gr-B Vor1"]
[Site "Playchess.com INT"]
[Date "2020.04.14"]
[Round "6"]
[White "Harlander, Tilman"]
[Black "Schmitt, Ulrich"]
[Result "1-0"]
[WhiteElo "1451"]
[BlackElo "1494"]
[PlyCount "64"]
[EventDate "2020.04.14"]
[EventType "swiss (blitz)"]
[EventRounds "9"]
[EventCountry "GER"]
[SourceTitle "EXT 2021"]
[Source "ChessBase"]
[SourceDate "2020.10.23"]
[SourceVersion "1"]
[SourceVersionDate "2020.10.23"]
[SourceQuality "1"]

1. d4 d5 2. Bf4 Nf6 3. e3 Bg4 4. Nf3 e6 5. Be2 Bd6 6. Bg3 Nbd7 7. Bxd6 cxd6 8. h3 Bh5 9. Nbd2 0-0 10. c3 Ne4 11. g4 Bg6 12. Nxe4 dxe4 13. Nd2 d5 14. Qb3 b6 15. h4 f5 16. g5 h5 17. 0-0-0 Be8 18. f3 exf3 19. Nxf3 g6 20. Ne5 Nxe5 21. dxe5 Qc7 22. Kb1 Qxe5 23. c4 Bf7 24. Ka1 Rfd8 25. Rd4 dxc4 26. Bxc4 Rxd4 27. exd4 Qxd4 28. Bxe6 Rf8 29. Bxf7+ Rxf7 30. Rd1 Qxh4 31. Rd8+ Kg7 32. Qc3+ Rf6 1-0

[Event "GER-ch Net Amateur Gr-B Vor1"]
[Site "Playchess.com INT"]
[Date "2020.04.14"]
[Round "1"]
[White "May, Alexander"]
[Black "Harlander, Tilman"]
[Result "1-0"]
[WhiteElo "1281"]
[BlackElo "1620"]
[PlyCount "81"]
[EventDate "2020.04.14"]
[EventType "swiss (blitz)"]
[EventRounds "9"]
[EventCountry "GER"]
[SourceTitle "EXT 2021"]
[Source "ChessBase"]
[SourceDate "2020.10.23"]
[SourceVersion "1"]
[SourceVersionDate "2020.10.23"]
[SourceQuality "1"]

1. d4 d5 2. Nf3 c6 3. e3 e6 4. Bd3 f5 5. Nbd2 Nf6 6. b3 Be7 7. Bb2 0-0 8. 0-0 Nbd7 9. c4 Ne4 10. Ne5 Nxe5 11. dxe5 Bd7 12. f4 Be8 13. Qc2 Rc8 14. Nf3 Bh5 15. Nd4 Bf7 16. Rac1 Qd7 17. Qe2 a6 18. cxd5 cxd5 19. Rc2 Rxc2 20. Qxc2 Rc8 21. Qb1 g6 22. Rc1 Rxc1+ 23. Qxc1 Kg7 24. a3 Bd8 25. b4 Qc7 26. Qxc7 Bxc7 27. Bc2 Bb6 28. Ba4 Kf8 29. Bd7 Ke7 30. Bc8 a5 31. bxa5 Bxa5 32. Bxb7 Bd2 33. g3 Bxe3+ 34. Kf1 Bd2 35. Bc6 Be8 36. Bxe8 Kxe8 37. Nxe6 Ke7 38. Nc7 Nc3 39. Bxc3 Bxc3 40. Nxd5+ Ke6 41. Nxc3 1-0